| 000 | 00735nam a2200265Ia 4500 | ||
|---|---|---|---|
| 003 | OSt | ||
| 005 | 20220926024814.0 | ||
| 006 | a|||||r|||| 00| 0 | ||
| 007 | ta | ||
| 008 | 220923b |||||||| |||| 00| 0 eng d | ||
| 020 | _a0198293976 | ||
| 037 | _cGeneral Book | ||
| 040 |
_aRTL _cRTL _beng |
||
| 041 |
_2eng _aeng |
||
| 082 | _aW:5, N8 | ||
| 100 |
_aMacleod Colin M _9331453 |
||
| 245 | 0 |
_aLiberalism, justice and markets _b A critique of lib |
|
| 260 |
_aOxford _bClarendon Press _c1998 |
||
| 300 |
_a232p _ccm. |
||
| 500 | _aBibliography: P 225-28 | ||
| 650 | _a Political Science | ||
| 650 |
_aSocial Justice _929730 |
||
| 942 |
_hW:5, N8 _cGB _2CC |
||
| 999 |
_c645484 _d645484 |
||